| 000 | 00679nam a2200241Ia 4500 | ||
|---|---|---|---|
| 003 | OSt | ||
| 005 | 20220926004945.0 | ||
| 006 | a|||||r|||| 00| 0 | ||
| 007 | ta | ||
| 008 | 220923b |||||||| |||| 00| 0 eng d | ||
| 020 | _a9781412187554 | ||
| 037 | _cGeneral Book | ||
| 040 |
_aRTL _cRTL _beng |
||
| 041 |
_2eng _aeng |
||
| 082 | _aYb4, Q2 | ||
| 100 |
_aHolstein James A. _934828 |
||
| 245 | 0 | _aVarieties of narrative analysis. | |
| 260 |
_a New Delhi _bSage Publication _c2012 |
||
| 300 |
_axiii, 311p. _ccm. |
||
| 700 |
_a Gubrium Jaber F. _934827 |
||
| 942 |
_hYb4, Q2 _cGB _2CC |
||
| 999 |
_c612693 _d612693 |
||